| 000 | 01048naa a22002777a 4500 | ||
|---|---|---|---|
| 001 | BR8903770 | ||
| 003 | BR-BrBNA | ||
| 005 | 20240918180513.0 | ||
| 007 | ta | ||
| 008 | 230509b bl.||||| |||| 00| 0 por d | ||
| 040 |
_aBR-BrBNA _bpor _cBiblioteca Nacional de Agricultura |
||
| 041 | _a(En) | ||
| 072 |
_aL10 _b5212 |
||
| 090 | _aL10 BR8903770 | ||
| 100 | 1 | _aDrost, D.V.M.M. | |
| 111 | 1 |
_a2. Simposio Nacional de Reproducao Animal _cBelo Horizonte, MG (Brazil) _d12-18 Sep 1976 |
|
| 245 | 1 | _aEmbryo recovery and transfer in cattle [bovino, inseminacao artificial] | |
| 260 | 3 |
_aBelo Horizonte, MG (Brasil): _c1976. |
|
| 500 | _aAnais do 2. Simposio Nacional de Reproducao Animal Belo Horizonte, MG (Brasil): 1976. p. 265-271 (BR8903770-AM)L10 | ||
| 650 | _aBOVINO | ||
| 650 | _aINSEMINACAO ARTIFICIAL | ||
| 650 | _aTRANSFERENCIA DE EMBRIAO | ||
| 773 | 0 |
_tAnais do 2. Simposio Nacional de Reproducao Animal _wL10 BR8903770 _gBelo Horizonte, MG (Brasil), 1976. p. 265-271 |
|
| 909 |
_a202404 _bLucia _c55 _dLucia Elande |
||
| 942 |
_cAM _2AGRIS |
||
| 999 |
_c320733 _d320733 |
||